LEADER 00518nab a2200145 i 4500 001 000000260445 003 CaOOAMICUS 005 20050304000000.0 008 050304n xx uu u0 0und r 013 $a1190 040 $aSeMil$bita 245 13$aLa sexualité, un don de Dieu. - 51 p. - Titolo principale dalla copertina. 500 $aMai 1997. 773 0 $t[1995/1997.$dParis : Bayard, 1995-1997.$w()132701 996 $6245$aLa sexualité, un don de Dieu. - 51 p. - Titolo principale dalla copertina.$9(OLS)http://semarc/title/355148 LEADER 01199nam a2200229 i 4500 001 000000232254 003 CaOOAMICUS 005 20200124114350.0 008 140822s1913 ne u000 u mul u 013 $a211157 040 $aSeMil$bita 100 1 $aJahn, Gustav,$d<1837-1917>.$0(OLS)http://semarc/name/79780 245 14$aDie Elephantiner Papyri und die Bücher Esra-Nehemja :$bmit einem Supplement zu meiner Erklärung der hebräischen Eigennamen /$cvon G. Jahn. 264 1$aLeiden :$bE. J. Brill,$c1913. 300 $a106 p. ;$c24 cm. 650 4$aBibbia. Antico Testamento. Esdra - Commentari, studi, critica, interpretazioni.$0(OLS)http://semarc/subject/8798 650 4$aBibbia. Antico Testamento. Nahum - Commentari, studi, critica, interpretazioni.$0(OLS)http://semarc/subject/23208 850 $aSeMil 852 $aSeMil$W1$xVenegono$y1$m2Z IV 33$j182600$B182600$CSeMilBibl$Z2$F193622 $81 996 $6245$aDie Elephantiner Papyri und die Bücher Esra-Nehemja :$bmit einem Supplement zu meiner Erklärung der hebräischen Eigennamen$9(OLS)http://semarc/title/331425 996 $6264$aLeiden :$bE. J. Brill$9(OLS)http://semarc/publisher/30490